KISS Members and Albums - Statistics

General Stats
  • This quiz has been taken 19 times
  • The average score is 22 of 30
Answer Stats
Hint Answer % Correct
1973 - Today Gene Simmons
100%
1973 - Today Paul Stanley
100%
1973 - 1982, 1995 - 2002 Ace Frehley
93%
1980 - 1991 Eric Carr
87%
1974 KISS
87%
1973 - 1980, 1995 - 2001, 2003 - 2004 Peter Criss
87%
1984 Animalize
80%
1982 Creatures of the Night
80%
1976 Destroyer
80%
1975 Dressed to Kill
80%
1979 Dynasty
80%
1974 Hotter Than Hell
80%
1983 Lick It Up
80%
1977 Love Gun
80%
1998 Psycho Circus
80%
1980 Unmasked
80%
1989 Hot in the Shade
73%
1976 Rock and Roll Over
73%
1982 - 1984 Vinnie Vincent
73%
1985 Asylum
67%
1992 - 1996, 2001 - 2003, 2004 - Today Eric Singer
67%
1984 Mark St. John
67%
2012 Monster
67%
1981 Music From "The Elder"
67%
2009 Sonic Boom
67%
1984 - 1996 Bruce Kulick
60%
1992 Revenge
60%
2002 - Today Tommy Thayer
60%
1987 Crazy Crazy Nights
53%
1996/1997 Carnival of Souls: The Final Sessions
40%
No matching quizzes found
Score Distribution
Percent of People with Each Score
Percentile by Number Answered
Your Score History
You have not taken this quiz